000 00420nam a22001697a 4500
003 UA-OsUOA
001 6101
007 ta
008 20050721b un ||||| |||| 00| 0 ukr d
100 _aГороть
700 _aЄ.І. (уклад.)
942 _cBK
040 _aUA-OsUOA
_cUA-OsUOA
_dUA-OsUOA
245 _aНауковий Вісник ВДУ: Філологія-1998.
_bLinguistics
955 _a2
650 7 _2UDC
999 _c292263
_d292263